000 00293nam a22001337a 4500
008 181031b xxu||||| |||| 00| 0 eng d
020 _a072161440
041 _aeng
080 _a610
100 _a4
101 _aSHM
245 _aTextbook of Respiratory Medicine
_cMurray
942 _2udc
_cBK
999 _c51296
_d51296